000 00626nam a2200217Ia 4500
001 13200
003 GE_BSU
008 181216s||||||||xx |||||||||||||| ||und||
040 _cGE_BSU
080 _a634.8
100 _aГаджиев,Д.М.
245 _aВлияние удобрении на качество винограда
245 _cРед.Т.А.Ищенко
260 _aМосква
260 _bКолос
260 _c1969
300 _a192стр.20см.
300 _cБиблиогр.с.187-192
653 _aВлияние удобрении на качество винограда
942 _cBK
999 _c46364
_d46364